| 000 | 00388 a2200169 4500 | ||
|---|---|---|---|
| 001 | 002338 | ||
| 003 | OSt | ||
| 005 | 20220113165258.0 | ||
| 008 | |||
| 082 |
_a512.7 _bH27N |
||
| 100 | 1 | _aHasse, Helmut | |
| 245 | 1 |
_aNumber theory _cby Helmut Hasse |
|
| 260 |
_aNew York _bSpringer _c2010 |
||
| 300 | _a638p. | ||
| 653 | _aNumber theory | ||
| 942 |
_2ddc _cBK |
||
| 999 |
_c75 _d75 |
||